Obojek
Saved in:
| Main Author | |
|---|---|
| Format | Electronic eBook |
| Language | Czech |
| Published |
Canc
2023
|
| Edition | 1. elektronické vydání |
| Subjects | |
| Online Access | Dostupné v BOOKPORT po přihlášení pomocí eduID |
| ISBN | 978-80-88488-50-7 978-80-88488-51-4 978-80-88488-49-1 |
| Physical Description | 1 online zdroj (318 stran) |
Cover
| LEADER | 00000nam a2200000 i 4500 | ||
|---|---|---|---|
| 001 | bkp891289618 | ||
| 003 | CZ-prgp | ||
| 005 | 20231214160630.0 | ||
| 006 | m o d | ||
| 007 | cr cn | ||
| 008 | 231214s2023 xr o 000 1 cze | ||
| 020 | |a 978-80-88488-50-7 |c 270 Kč |q (online ; pdf) | ||
| 020 | |a 978-80-88488-51-4 |c 270 Kč |q (online ; epub) | ||
| 020 | |a 978-80-88488-49-1 |c 540 Kč |q (print) | ||
| 040 | |a Grada |b cze |e rda | ||
| 100 | 1 | |a Rosana, Zvelebilová | |
| 245 | 1 | 0 | |a Obojek |c Zvelebilová Rosana |
| 250 | |a 1. elektronické vydání | ||
| 264 | 1 | |b Canc |c 2023 | |
| 300 | |a 1 online zdroj (318 stran) | ||
| 336 | |a text |b txt |2 rdacontent | ||
| 337 | |a počítač |b c |2 rdamedia | ||
| 338 | |a online zdroj |b cr |2 rdacarrier | ||
| 520 | 3 | |a Uměle vyrobený člověk - pomocník číslo 68 - v roce 2017 bez odporu vykonává příkazy a přijímá svou roli spotřebního zboží. Ruský důstojník Eša, velitel baterie č. 6, se musí ve II. světové válce popasovat s těmi nejhoršími možnými svěřenci. A mladý Emouš? Ten se v roce 3023 snaží opuštěnou důlní šachtou plnou smrtících nástrah dostat do tajuplného cíle. Je vůbec možné, aby tyto tři muže něco spojovalo? | |
| 650 | 0 | 4 | |a Sci-fi, fantasy |
| 856 | 4 | 0 | |u https://www.bookport.cz/AccountSaml/SignIn/?idp=https://shibboleth.utb.cz/idp/shibboleth&returnUrl=/kniha/obojek-12324/ |y Dostupné v BOOKPORT po přihlášení pomocí eduID |